LEADER 00954nam a2200241 i 4500 001 000000136160 003 CaOOAMICUS 005 20160426000000.0 008 160426s1959 it u000 u fre u 013 $a109635 040 $aSeMil$bita 245 10$aJournal d'une mission ouvrière 1941-1959 /$cpar Jacques Loew. 260 $aParis :$bLes Éditions du Cerf,$ccopyr. 1959. 300 $a476 p. ;$c19 cm. 490 0 $aRencontres ;$v55 500 $aContiene : Annexe. 650 4$aMissioni - Diari e memorie.$0(OLS)http://semarc/subject/13823 830 0$aRencontres ;$v55.$0(OLS)http://semarc/title/25774 850 $aSeMil 852 $aSeMil$W1$xVenegono$y1$m3E III 186/A$j89778$B89778$CSeMilBibl$Z2$F211947 $81 961 $aLascito: Ghetti mons. Andrea <1912-1980> 996 $6245$aJournal d'une mission ouvrière 1941-1959$9(OLS)http://semarc/title/198964 996 $6260$aParis :$bLes Éditions du Cerf$9(OLS)http://semarc/publisher/29611 LEADER 01109nam a2200241 4500 001 000000354767 003 CaOOAMICUS 005 20230727124932.0 008 230727s1959 it a 000 u ita r 040 $aSeMil$bita 100 1 $aFanfani, Amintore,$d<1908-1999>.$0(OLS)http://semarc/name/5491 245 10$aStoria del lavoro in Italia :$bdalla fine del secolo 15. agli inizi del 18. /$cAmintore Fanfani. 250 $a2. ed. accresciuta ed illustrata 264 1$aMilano :$bA. Giuffrè,$c1959. 300 $aXI, 424 p., [20] c. di tav. :$bill. ;$c25 cm 490 1 $aStoria del lavoro in Italia ;$v3 650 4$aLavoro - Italia - Storia - Sec. 15-17.$0(OLS)http://semarc/subject/54105 830 0$aStoria del lavoro in Italia ;$v3.$0(OLS)http://semarc/title/444919 850 $aSeMil 852 $aSeMil$W1$xVenegono$y1$m3N IV 82$j242471$B246052$CSeMilBibl$Z2$F246052 $81 996 $6245$aStoria del lavoro in Italia :$bdalla fine del secolo 15. agli inizi del 18.$9(OLS)http://semarc/title/444920 996 $6264$aMilano :$bA. Giuffrè$9(OLS)http://semarc/publisher/43000